| 000 | 00729nam a2200229Ia 4500 | ||
|---|---|---|---|
| 001 | 8891 | ||
| 003 | GE_BSU | ||
| 008 | 181216s||||||||xx |||||||||||||| ||und|| | ||
| 040 | _cGE_BSU | ||
| 080 | _a821.353.1–31 | ||
| 100 | _aკასრაძე,დავით | ||
| 245 | _aიბერიის დედოფალი | ||
| 245 | _bრომანი | ||
| 245 | _cრედ.ს.ჭილაია;მხატვ:თ.გიგაური | ||
| 260 | _aთბილისი | ||
| 260 | _bსაბჭოთა საქართველო | ||
| 260 | _c1964 | ||
| 300 | _a313გვ.ილ.20სმ. | ||
| 653 | _aიბერიის დედოფალი | ||
| 653 | _aრომანი | ||
| 942 | _cBK | ||
| 999 |
_c42198 _d42198 |
||